Matemáticas financieras II / (Registro nro. 8009)

Detalles MARC
000 -LIDER
fixed length control field 01268nam a2200325 a 4500
001 - NÚMERO DE CONTROL
Identificador de número de control 000046318
003 - IDENTIFICACDOR DE NÚMERO DE CONTROL
control field DO-SdBNP
005 - DATE AND TIME OF LATEST TRANSACTION
control field 20171110084841.0
007 - CAMPOS FIJOS DE DESCRIPCIÓN FÍSICA
fixed length control field 000046318
008 - ELEMENTOS DE LONGITUD FIJA
fixed length control field 100908s2005 dr d 000 0 spa d
040 ## - FUENTE DE CATALOGACIÓN
Agencia que crea de manera original el registro BPMSU
Idioma de catalogación spa
Agencia que realiza la transcripción BPMSU
082 ## - NÚMERO DE CLASIFICACIÓN DECIMAL DE DEWEY
Classification number 510
Item number H638m
100 1# - ASIENTO PRINCIPAL -- NOMBRE PERSONAL
Nombre personal Ventura Muñoz, Eduardo
245 10 - MENCIÓN DE TITULO
Título Matemáticas financieras II /
Mención de responsabilidad Eduardo Ventura Muñoz, Mayra Martínez Triana.
260 ## - PUBLICACIÓN, DISTRIBUCIÓN, ETC. (PIE DE IMPRENTA)
Lugar de publicación, distribución, etc Santo Domingo :
Nombre del editor, distribuidor, etc. UCSD,
Fecha de publicación, distribución, etc 2005.
300 ## - DESCRIPCIÓN FÍSICA
Extensión 136 p. : ;
Dimensiones 28 cm.
490 1# - MENCIÓN DE SERIES
Mención de serie Alandar
505 0# - NOTA DE CONTENIDO
Título Monto compuesto --
-- Anualidades --
-- Amortización y fondo de amortización --
-- Anualidades anticipadas --
-- Anualidades diferidas --
-- Anualidades generales --
-- Los bonos --
-- Tablas II : Tabla del valor actual de anualidad 1 por período --
-- Tablas I : Tabla del monto de una anualidad de 1 por período --
650 #4 - ENCABEZAMIENTO DE MATERIA--TEMÁTICO
Término temático o nombre geográfico como elemento de entrada MATEMÁTICAS FINANCIERAS
650 #4 - ENCABEZAMIENTO DE MATERIA--TEMÁTICO
Término temático o nombre geográfico como elemento de entrada MATEMÁTICAS FINANCIERAS
Subdivisión temática general PROBLEMAS, EJERCICIOS, ETC.
700 1# - ASIENTO SECUNDARIO -- NOMBRE PERSONAL
Nombre personal Martínez Triana, Mayra
710 1# - ASIENTO SECUNDARIO -- NOMBRE CORPORATIVO
Nombre corporativo o de jurisdicción Universidad Católica Santo Domingo
830 #0 - ASIENTO SECUNDARIO DE SERIE--TÍTULO UNIFORME
Título uniforme Alandar
930 #1 - EQUIVALENCE OR CROSS-REFERENCE-UNIFORM TITLE HEADING [LOCAL, CANADA]
Language of a work
Medium of performance for music
Field link and sequence number
Date of a work
Name of part/section of a work
Miscellaneous information
942 ## - ADDED ENTRY ELEMENTS (KOHA)
Source of classification or shelving scheme Dewey Decimal Classification
Koha item type Libros
945 ## - INFORMACIÓN DE PROCESAMIENTO LOCAL
Información de procesamiento local Invetariado extranjero / 2017 VM
956 ## - LOCAL ELECTRONIC LOCATION AND ACCESS (OCLC)
Nombre de host
Número de acceso
Información de compresión
Inicio de sesión
Procesador de solicitud
956 ## - LOCAL ELECTRONIC LOCATION AND ACCESS (OCLC)
Nombre de host
Número de acceso
Información de compresión
Inicio de sesión
Procesador de solicitud
956 ## - LOCAL ELECTRONIC LOCATION AND ACCESS (OCLC)
Nombre de host VMATEO
Número de acceso 10
Información de compresión 20150724
Inicio de sesión BPMSU
Procesador de solicitud 00151
Existencias
Withdrawn status Lost status Source of classification or shelving scheme Damaged status Not for loan Collection code Home library Current library Date acquired Total Checkouts Barcode Date last seen Price effective from Koha item type Copy number
    Dewey Decimal Classification       Biblioteca Pública Metropolitana Salomé Ureña Biblioteca Pública Metropolitana Salomé Ureña 07/24/2015   BPMET15070369 07/24/2015 07/24/2015 Libros  
    Dewey Decimal Classification       Biblioteca Pública Metropolitana Salomé Ureña Biblioteca Pública Metropolitana Salomé Ureña 07/24/2015   BPMET15070370 07/24/2015 07/24/2015 Libros ej. 2